000 01348cam a2200241 a 4500
001 14857887
003 OSt
005 20160205151239.0
008 070521s2007 inua 001 0 eng
020 _a9780470168356
040 _aSEKU
050 0 0 _aTK 5105.875.I6
_bR4
130 _aReal world SharePoint 2007 :indispensable experiences from 16 MOSS and WSS MVPs
245 0 0 _aReal world SharePoint 2007 :
_bindispensable experiences from 16 MOSS and WSS MVPs
_cScott Hillier ...[et al.].
260 _aIndianapolis, IN :
_bWiley Pub.,
_cc2007.
300 _a 478 p. :
_bill.
500 _a"Wrox programmer to programmer"--Cover.
505 0 _aIntroduction to SharePoint -- Configuring forms based authentication -- Understanding SharePoint administration -- Developing publishing sites the smart and structured way -- Using SharePoint Designer 2007 -- Customizing and branding the SharePoint 2007 interface -- Understanding Web Parts -- Creating workflows in WSS -- Creating workflow in SharePoint Server 2007 -- Using the business data catalog -- Using Excel services -- Securing SharePoint communication -- Using information rights management -- Upgrading from SPS 2003 to MOSS 2007 : using the gradual methods.
650 0 _aIntranets (Computer networks)
650 0 _aWeb servers.
700 1 _aHillier, Scot.
942 _2lcc
_cGEN
999 _c10500
_d10500